100 meilleurs joueurs de FIFA 23 - Statistiques

Statistiques générales
  • Ce quiz a été pris 35 fois
  • Le résultat moyen est 76 sur 100
Statistiques - réponses
Poste Club Nationalité Note Réponse % Correct
BU Al-Nassr Portugal 90 Cristiano Ronaldo
97%
BU Manchester City Norvège 88 Erling Haaland
97%
AG Tottenham Corée du Sud 89 Heung Min Son
97%
BU Real Madrid France 91 Karim Benzema
97%
BU PSG France 91 Kylian Mbappé
97%
AD PSG Argentine 91 Lionel Messi
97%
AD Liverpool Egypte 90 Mohamed Salah
97%
AG PSG Brésil 89 Neymar Jr
97%
MG Bayern Munich Sénégal 89 Sadio Mané
97%
MC Manchester City Belgique 91 Kevin De Bruyne
94%
BU FC Barcelone Pologne 91 Robert Lewandowski
94%
G Real Madrid Belgique 90 Thibaut Courtois
94%
DC Liverpool Pays Bas 90 Virgil van Dijk
94%
G Liverpool Brésil 89 Alisson
91%
BU Tottenham Angleterre 89 Harry Kane
91%
G Atlético Madrid Slovénie 89 Jan Oblak
91%
G Bayern Munich Allemagne 90 Manuel Neuer
91%
MDC Chelsea France 89 N'Golo Kanté
91%
DC Real Madrid Allemagne 87 Antonio Rüdiger
88%
MOC Manchester City Portugal 88 Bernardo Silva
88%
MDC Manchester United Brésil 89 Casemiro
88%
MC Real Madrid Croatie 88 Luka Modric
88%
DC PSG Brésil 88 Marquinhos
88%
MDC Manchester City Espagne 87 Rodri
88%
DC Manchester City Portugal 88 Rúben Dias
88%
DC Chelsea Brésil 86 Thiago Silva
88%
G Manchester United Espagne 87 David De Gea
84%
G Manchester City Brésil 89 Ederson
84%
MDC Bayern Munich Allemagne 89 Joshua Kimmich
84%
MOC Bayern Munich Allemagne 87 Thomas Müller
84%
AG Real Madrid Brésil 86 Vinícius Júnior
84%
MC FC Barcelone Pays Bas 87 Frenkie de Jong
81%
G Tottenham France 87 Hugo Lloris
81%
G Nottingham Forest Costa Rica 88 Keylor Navas
81%
G Milan AC France 87 Mike Maignan
81%
G FC Barcelone Allemagne 88 ter Stegen
81%
DG Milan AC France 85 Theo Hernández
81%
MOC Manchester United Portugal 86 Bruno Fernandes
78%
G Chelsea Sénégal 86 Édouard Mendy
78%
MDC Liverpool Brésil 87 Fabinho
78%
MC Borussia Dortmund Angleterre 84 Jude Bellingham
78%
DC Chelsea Sénégal 87 Kalidou Koulibaly
78%
BU Inter Milan Argentine 86 Lautaro Martínez
78%
MC PSG Italie 87 Marco Verratti
78%
AG Chelsea Angleterre 86 Raheem Sterling
78%
AD Manchester City Algérie 86 Riyad Mahrez
78%
BU Inter Milan Belgique 86 Romelu Lukaku
78%
DG Liverpool Ecosse 87 Andrew Robertson
75%
DC Real Madrid Autriche 86 David Alaba
75%
G PSG Italie 88 Gianluigi Donnarumma
75%
CM Chelsea Italie 85 Jorginho
75%
MC Juventus France 85 Paul Pogba
75%
CM FC Barcelone Espagne 85 Pedri
75%
DC PSG Espagne 84 Sergio Ramos
75%
MC Bayern Munich Espagne 86 Thiago Alcantara
75%
DD Liverpool Angleterre 87 Trent Alexander-Arnold
75%
DG Bayern Munich Canada 84 Alphonso Davies
72%
DC Manchester City Espagne 86 Aymeric Laporte
72%
AT RB Leipzig France 86 Christopher Nkunku
72%
BU Lazio Rome Italie 86 Ciro Immobile
72%
AT Liverpool Portugal 85 Diogo Jota
72%
MC Manchester City Allemagne 85 Ilkay Gündogan
72%
BU Leicester Angleterre 85 Jamie Vardy
72%
MG Bayern Munich France 86 Kingsley Coman
72%
AT Atlético Madrid Pays Bas 85 Memphis Depay
72%
MOC Betis Seville France 85 Nabil Fekir
72%
MC Inter Milan Italie 86 Nicolò Barella
72%
AT AS Rome Argentine 86 Paulo Dybala
72%
BU Chelsea Gabon 85 Pierre-Emerick Aubameyang
72%
G Bayern Munich Suisse 85 Yann Sommer
72%
BU Celta Vigo Espagne 85 Iago Aspas
69%
DG Bayern Munich Portugal 88 João Cancelo
69%
DG FC Barcelone Espagne 85 Jordi Alba
69%
MC Lazio Rome Serbie 86 Sergej Milinkovic-Savic
69%
MC Real Madrid Allemagne 88 Toni Kroos
69%
AD Juventus Argentine 84 Ángel Di María
66%
MC Villarreal Espagne 86 Dani Parejo
66%
DC Milan AC Angleterre 84 Fikayo Tomori
66%
DD Manchester City Angleterre 85 Kyle Walker
66%
MOC Borussia Dortmund Allemagne 85 Marco Reus
66%
DC Bayern Munich Pays Bas 85 Matthijs de Ligt
66%
DC Inter Milan Slovaquie 86 Milan Škriniar
66%
MDC FC Barcelone Espagne 85 Sergio Busquets
66%
G Juventus Pologne 86 Wojciech Szczesny
66%
MOC Chelsea Allemagne 84 Kai Havertz
63%
G Eintracht Frankfort Allemagne 86 Kevin Trapp
63%
MDC Bayern Munich Allemagne 87 Leon Goretzka
63%
MDC Inter Milan Croatie 86 Marcelo Brozovic
63%
AG Manchester City Angleterre 85 Phil Foden
63%
MG Atlético Madrid Belgique 85 Yannick Carrasco
63%
BU Villarreal Espagne 85 Gerard Moreno
59%
BU Bayer Leverkusen République Tchèque 85 Patrik Schick
59%
G RB Leipzig Hongrie 85 Péter Gulácsi
59%
MD Bayern Munich Allemagne 85 Serge Gnabry
59%
DG FC Séville Argentine 85 Marcos Acuña
53%
MOC Chelsea Angleterre 84 Mason Mount
53%
MG Juventus Serbie 85 Filip Kostić
50%
AG Manchester United Angleterre 84 Jadon Sancho
50%
DC Borussia Dortmund Allemagne 85 Niklas Süle
47%
BU Juventus Angleterre 84 Dušan Vlahović
31%
Aucun quiz correspondant
Distribution des résultats
% des personnes avec chaque résultat
Percentile par nombre de réponses
Votre historique - résultats
Vous n’avez pas pris ce quiz